| 000 | 00918nam0a22002891 4500 | ||
|---|---|---|---|
| 001 | v19\rc\1797725 | ||
| 005 | 20250619121540.0 | ||
| 035 | _a(NLR Aleph) 004899653 | ||
| 090 |
_a5360482 _c5360482 |
||
| 100 | _a20071130d1906 |||y0rusy50 ca | ||
| 101 | 0 | _arus | |
| 102 | _aRU | ||
| 105 | _ay z ||||| | ||
| 200 | 1 |
_aХристианское отношение к собственности _fВ.Ф. Эрн |
|
| 210 |
_aМосква _cТруд и воля _d1906 |
||
| 215 |
_a54 с. _d22 |
||
| 225 | 1 |
_aРелигиозно-общественная библиотека _iСер. 1 _v№ 3 |
|
| 700 | 1 |
_aЭрн _bВ.Ф. _f1882-1917 _gВладимир Францевич |
|
| 801 | 0 |
_aRU _bNLR _gpsbo |
|
| 801 | 0 |
_aRU _bRuMoRGB _2psbo |
|
| 801 | 1 |
_aRU _bProSoft-M _2rusmarc |
|
| 852 |
_aNLR _j18.339.2.187 |
||
| 899 |
_aRuMoRGB _jW 0/15 |
||
| 899 |
_aRuMoRGB _jРб 15/942 |
||
| 899 | _aГПИБ | ||
| 942 | _cBOOK | ||
| 980 | _aNB | ||